Govt. of
Madhya Pradesh

Internetworking with TCP/IP Vol 3 (Record no. 31157)

MARC details
000 -LEADER
fixed length control field 003940000a22001450004500
003 - CONTROL NUMBER IDENTIFIER
control field MACL
040 ## - CATALOGING SOURCE
Original cataloging agency MACL
090 ## - LOCALLY ASSIGNED LC-TYPE CALL NUMBER (OCLC); LOCAL CALL NUMBER (RLIN)
-- 31472
-- 31470
100 ## - MAIN ENTRY--PERSONAL NAME
Personal name Comer, Douglas E
245 ## - TITLE STATEMENT
Title Internetworking with TCP/IP Vol 3
Remainder of title Client Server Progamming and Applications
260 ## - PUBLICATION, DISTRIBUTION, ETC. (IMPRINT)
Name of publisher, distributor, etc. Prentice Hall of India Private Ltd
Date of publication, distribution, etc. 2001
350 ## - PRICE (NR) (BK AM CF MU VM SE) [OBSOLETE]
Price 225
650 ## - SUBJECT ADDED ENTRY--TOPICAL TERM
Topical term or geographic name as entry element Computer Programming
942 ## - ADDED ENTRY ELEMENTS (KOHA)
Koha item type Library Membar
Call number prefix 004.6/COM
Holdings
Withdrawn status Lost status Damaged status Not for loan Home library Current library Date acquired Total Checkouts Full call number Barcode Date last seen Uniform Resource Identifier Price effective from Koha item type
        MACL MACL 15/04/2015   004.6/COM BOOK CLC2876 29/04/2015 31208 15/04/2015 Books